[Event "Pohar mesta Ricany 2010 - cena Klidneho mesta"]
[Site "http://www.openricany.cz"]
[Date "2010.08.25"]
[Round "6.10"]
[White "Hrdina, Robin"]
[Black "Hadzala, Daniel"]
[Result "0-1"]
[WhiteElo "1878"]
[BlackElo "2105"]

1. e4 e6 2. d4 d5 3. Nd2 Nf6 4. e5 Nfd7 5. c3 c5 6. Bd3 Nc6 7. Ne2 cxd4 8. cxd4
Nb6 9. O-O Bd7 10. f4 g6 11. Nf3 h5 12. a3 a5 13. b3 a4 14. b4 Nc4 15. Qc2 Ne7
16. Bxc4 Rc8 17. Nc3 Rxc4 18. Ne4 dxe4 19. Qxc4 exf3 20. Rxf3 Bc6 21. Rf2 Qd5
22. Qxd5 Nxd5 23. Bb2 Kd7 24. Rc1 Be7 25. Rfc2 Bd8 26. g3 Bb6 27. h4 Ne7 28. Kf2
Rc8 29. Bc3 Bb5 30. Bb2 Rxc2+ 31. Rxc2 Nf5 32. Rc1 Ba7 33. Rc2 Bd3 34. Rd2 Bc4
35. Rc2 b5 36. Rd2 Kc6 37. Rd1 Kd5 38. Rd2 Ke4 39. Rd1 Nxd4 0-1

[Event "Pohar mesta Ricany 2010 - cena Klidneho mesta"]
[Site "http://www.openricany.cz"]
[Date "2010.08.25"]
[Round "6.17"]
[White "Matejovsky, Ondrej"]
[Black "Pospisil, Martin"]
[Result "1/2-1/2"]
[WhiteElo "2037"]
[BlackElo "1931"]

1. Nc3 d5 2. e4 dxe4 3. Nxe4 e6 4. d4 Be7 5. Nf3 Nf6 6. Bd3 O-O 7. O-O Nbd7
8. c3 b6 9. Ne5 Bb7 10. f3 Nxe5 11. dxe5 Nxe4 12. Bxe4 Bxe4 13. fxe4 Qxd1
14. Rxd1 Rfd8 15. Be3 Kf8 1/2-1/2

[Event "Pohar mesta Ricany 2010 - cena Klidneho mesta"]
[Site "http://www.openricany.cz"]
[Date "2010.08.25"]
[Round "6.1"]
[White "Sodoma, Jan"]
[Black "Kulhanek, Tomas"]
[Result "1/2-1/2"]
[WhiteElo "2364"]
[BlackElo "2411"]

1. d4 Nf6 2. c4 e6 3. Nc3 Bb4 4. Qc2 c5 5. dxc5 O-O 6. a3 Bxc5 7. Nf3 Qb6 8. e3
Be7 9. Bd3 d6 10. O-O a6 11. b4 Qc7 12. Bb2 Nbd7 13. Rac1 b6 14. Ne4 h6
15. Nxf6+ Nxf6 16. Qe2 Bb7 17. Nd2 a5 18. Bb1 axb4 19. axb4 Ra4 20. Qd3 Rfa8
21. b5 g6 22. e4 e5 23. f4 Nd7 24. Qg3 Bf6 25. f5 1/2-1/2

[Event "Pohar mesta Ricany 2010 - cena Klidneho mesta"]
[Site "http://www.openricany.cz"]
[Date "2010.08.25"]
[Round "6.36"]
[White "Rydl, Jiri"]
[Black "Cap, Adam"]
[Result "0-1"]
[WhiteElo "1906"]
[BlackElo "1693"]

1. e4 e5 2. Nf3 Nc6 3. Bc4 Nf6 4. d4 exd4 5. e5 d5 6. Bb5 Ne4 7. Nxd4 Bd7
8. Bxc6 bxc6 9. O-O Bc5 10. Be3 Bb6 11. f3 Ng5 12. f4 Ne4 13. f5 Qe7 14. e6 fxe6
15. Qh5+ g6 16. fxg6 O-O-O 17. Qe2 hxg6 18. Nf3 g5 19. Bxb6 cxb6 20. Ne5 Qc5+
21. Rf2 Qxf2+ 22. Qxf2 Nxf2 23. Kxf2 Rdf8+ 24. Kg3 0-1

[Event "Pohar mesta Ricany 2010 - cena Klidneho mesta"]
[Site "http://www.openricany.cz"]
[Date "2010.08.25"]
[Round "6.37"]
[White "Jirousek, Filip"]
[Black "Vorisek, Martin"]
[Result "0-1"]
[WhiteElo "1787"]
[BlackElo "1899"]

1. e4 c5 2. Nf3 d6 3. d4 cxd4 4. Nxd4 Nf6 5. Nc3 a6 6. Bg5 e6 7. Be2 Be7 8. Qd2
O-O 9. O-O-O Qc7 10. h4 b5 11. Bxf6 Bxf6 12. g4 b4 13. Nb1 Bb7 14. g5 Be7 15. f3
Nc6 16. Nxc6 Bxc6 17. h5 d5 18. g6 h6 19. gxf7+ Rxf7 20. Rhg1 Bg5 21. Rxg5 hxg5
22. exd5 Bxd5 23. Qd3 Rc8 24. Nd2 Rf4 25. Rh1 Rd4 26. Qg6 Be4 27. Qxe6+ Kh8
28. Kd1 Qxc2+ 29. Ke1 Qxd2+ 30. Kf2 Rc2 0-1

[Event "Pohar mesta Ricany 2010 - cena Klidneho mesta"]
[Site "http://www.openricany.cz"]
[Date "2010.08.25"]
[Round "6.12"]
[White "Zvara, David"]
[Black "Drabek, Vojtech"]
[Result "0-1"]
[WhiteElo "2010"]
[BlackElo "2128"]

1. e4 c5 2. Nf3 d6 3. Bb5+ Bd7 4. Bxd7+ Qxd7 5. O-O Nc6 6. c3 Nf6 7. Re1 e6
8. d4 cxd4 9. cxd4 d5 10. e5 Ne4 11. Nbd2 Nxd2 12. Bxd2 Be7 13. a3 O-O 14. b4 a6
15. Bg5 Rac8 16. Bxe7 Nxe7 17. Nd2 Nf5 18. Nb3 Rc4 19. g4 Nh4 20. Re3 b6 21. Rh3
Ng6 22. g5 Rfc8 23. Qh5 Nf8 24. Rd3 Rc3 25. Qf3 Rc2 26. Nd2 Ng6 27. Nf1 Qc7
28. Rad1 Rc1 29. R1d2 Qc4 30. Qg3 Ne7 31. h4 Nf5 32. Qh3 Re1 33. Kg2 Qc1 34. Ng3
Rg1+ 35. Kf3 Rc3 36. Ne2 Qxd2 37. Rxc3 Nxd4+ 0-1

[Event "Pohar mesta Ricany 2010 - cena Klidneho mesta"]
[Site "http://www.openricany.cz"]
[Date "2010.08.25"]
[Round "6.29"]
[White "Voracek, Zdenek"]
[Black "Forman, Miroslav"]
[Result "1-0"]
[WhiteElo "2056"]
[BlackElo "1891"]

1. d4 d5 2. c4 c6 3. Nf3 Nf6 4. e3 e6 5. b3 Nbd7 6. Be2 Bd6 7. Bb2 O-O 8. O-O
Qe7 9. Ne5 Ne8 10. Nd2 Ba3 11. Bxa3 Qxa3 12. Nd3 Qe7 13. f4 Nd6 14. Bf3 Nf6
15. Qc2 Nf5 16. Rfe1 h5 17. Ne5 g6 18. Qc3 c5 19. cxd5 cxd4 20. exd4 Nh4
21. dxe6 Nxf3+ 22. Ndxf3 Bxe6 23. Ng5 Nd5 24. Qg3 Qf6 25. Nxe6 Qxe6 26. Nc4 Qf6
27. Re5 Ne7 28. Rae1 Nf5 29. Qf2 b5 30. Nd2 Rfd8 31. d5 Nd6 32. Qd4 Kh7
33. Rxh5+ Kg7 34. Rh7+ 1-0

[Event "Pohar mesta Ricany 2010 - cena Klidneho mesta"]
[Site "http://www.openricany.cz"]
[Date "2010.08.25"]
[Round "6.3"]
[White "Vanka, Miloslav"]
[Black "Haba, Zdenek"]
[Result "0-1"]
[WhiteElo "2189"]
[BlackElo "2252"]

1. d4 g6 2. e4 Bg7 3. Nc3 c6 4. Be3 d5 5. f3 Qb6 6. Qd2 Qxb2 7. Rb1 Qa3 8. exd5
Nf6 9. Bc4 O-O 10. dxc6 bxc6 11. Nge2 Nbd7 12. O-O Nb6 13. Bb3 Ba6 14. Bh6 Rad8
15. Bxg7 Kxg7 16. Ne4 Bxe2 17. Qxe2 Rxd4 18. Qe3 Rdd8 19. Qc3 Rc8 20. Qc5 Qxc5+
21. Nxc5 Rfd8 22. Rfe1 Kf8 23. Re2 Nbd5 24. Rbe1 e6 25. Rd2 Nf4 26. Red1 Ke7
27. g3 Rxd2 28. Rxd2 N4d5 29. Rd4 Nb6 30. c3 Nbd7 31. Nd3 c5 32. Ra4 Rc7 33. Bc2
Nd5 34. c4 N5b6 35. Ra3 Nxc4 36. Rc3 Ncb6 37. a4 Nd5 0-1

[Event "Pohar mesta Ricany 2010 - cena Klidneho mesta"]
[Site "http://www.openricany.cz"]
[Date "2010.08.25"]
[Round "6.31"]
[White "Petrun, Milan"]
[Black "Berg, Antonin"]
[Result "1-0"]
[WhiteElo "1968"]
[BlackElo "1842"]

1. e4 Nf6 2. e5 Nd5 3. d4 d6 4. c4 Nb6 5. exd6 cxd6 6. h3 Bf5 7. Nf3 e6 8. Be3
Be7 9. Nc3 O-O 10. Bd3 Bxd3 11. Qxd3 d5 12. c5 N6d7 13. O-O Nc6 14. a3 a6 15. b4
b6 16. Rfb1 Bf6 17. b5 axb5 18. cxb6 Qxb6 19. Rxb5 Qa7 20. Rab1 Rfb8 21. a4 Qc7
22. g3 Be7 23. Bf4 Bd6 24. Rxb8+ Rxb8 25. Nb5 Rxb5 26. axb5 Nxd4 27. Nxd4 e5
28. Nf5 exf4 29. Nxd6 Qxd6 30. gxf4 g6 31. Qc3 Nf6 32. b6 Ne4 33. Qe3 1-0

[Event "Pohar mesta Ricany 2010 - cena Klidneho mesta"]
[Site "http://www.openricany.cz"]
[Date "2010.08.25"]
[Round "6.2"]
[White "Vojta, Tomas"]
[Black "Haman, Jakub"]
[Result "1-0"]
[WhiteElo "2380"]
[BlackElo "1968"]

1. d4 d5 2. Nf3 c6 3. c3 e6 4. Bf4 Nf6 5. e3 Nbd7 6. Nbd2 Be7 7. Bd3 h6 8. h3
b6 9. Ne5 Nxe5 10. Bxe5 Bb7 11. O-O a5 12. Qe2 O-O 13. f4 g6 14. Bxf6 Bxf6
15. Nf3 Bg7 16. Ne5 Qe8 17. Kh2 f5 18. Rf2 Bxe5 19. fxe5 Kh8 20. g4 Rg8 21. Rg1
Qe7 22. Rfg2 Qf7 23. h4 Raf8 24. Rf2 Qe7 25. g5 h5 26. Kg3 c5 27. Qc2 c4 28. Be2
Bc6 29. Kf4 Rb8 30. Rff1 Qd7 31. Rb1 b5 32. b3 Rb7 33. Rb2 Rgb8 34. Rgb1 Kg8
35. Qd1 b4 36. bxc4 bxc3 37. Rxb7 Rxb7 38. c5 Rb4 39. Bd3 Qb7 40. Rc1 Rb2
41. Rxc3 Rxa2 42. Rb3 Qc7 43. Qb1 Rf2+ 44. Kg3 Rd2 45. Rb6 a4 46. Bb5 Bxb5
47. Qxb5 Rg2+ 48. Kxg2 1-0

[Event "Pohar mesta Ricany 2010 - cena Klidneho mesta"]
[Site "http://www.openricany.cz"]
[Date "2010.08.25"]
[Round "6.9"]
[White "Postupa, Pavel jun."]
[Black "Mejzr, Jan"]
[Result "1/2-1/2"]
[WhiteElo "2149"]
[BlackElo "1863"]

1. e4 c5 2. Nf3 e6 3. d4 cxd4 4. Nxd4 a6 5. Bd3 Bc5 6. Nb3 Ba7 7. c4 Nc6 8. O-O
d6 9. Nc3 Nge7 10. Qe2 Ne5 11. Be3 Bxe3 12. Qxe3 Nxd3 13. Qxd3 Nc6 14. Qg3 O-O
15. Rfd1 b6 16. Rxd6 Qc7 17. Rad1 Ne7 18. Qd3 Nc6 19. Qg3 e5 20. R6d2 Be6
21. Nd5 Qa7 22. Qe3 b5 23. cxb5 Qxe3 24. fxe3 axb5 25. a3 b4 26. Rc1 bxa3
27. bxa3 Rxa3 28. Nc5 Na5 29. Rcd1 Nc4 30. Rd3 Ra5 31. Nb3 Ra3 32. Rc3 Nb2
33. Rd2 Na4 34. Rcd3 h6 35. Na5 Ra1+ 36. Rd1 Rxd1+ 37. Rxd1 Nc5 38. Nc6 Nxe4
39. Nxe5 Bxd5 40. Rxd5 Re8 41. Nf3 Nc3 42. Rd3 Ne4 43. h3 Rc8 44. Rd4 Re8
45. Rd3 Rc8 46. Kh2 Re8 47. Ra3 Nf2 48. Nd2 Nd1 49. Nf1 g6 50. Kg3 Re5 51. Rd3
1/2-1/2

[Event "Pohar mesta Ricany 2010 - cena Klidneho mesta"]
[Site "http://www.openricany.cz"]
[Date "2010.08.25"]
[Round "6.24"]
[White "Hulin, Petr"]
[Black "Skalicky, Tomas"]
[Result "1-0"]
[WhiteElo "2037"]
[BlackElo "1809"]

1. d4 d5 2. Nf3 Nf6 3. e3 e6 4. Bd3 c5 5. c3 Nbd7 6. Nbd2 Be7 7. O-O Qc7 8. Re1
O-O 9. e4 dxe4 10. Nxe4 Nxe4 11. Rxe4 Re8 12. Ng5 Nf6 13. Rh4 h6 14. Nf3 Nd5
15. Rg4 Nf6 16. Rg3 Nh5 17. Rh3 Nf4 18. Bxf4 Qxf4 19. Ne5 Rf8 20. g3 1-0

[Event "Pohar mesta Ricany 2010 - cena Klidneho mesta"]
[Site "http://www.openricany.cz"]
[Date "2010.08.25"]
[Round "6.15"]
[White "Mrna, Vladimir"]
[Black "Prochazka, Petr"]
[Result "1-0"]
[WhiteElo "2043"]
[BlackElo "1987"]

1. Nf3 d5 2. c4 d4 3. b4 g6 4. e3 dxe3 5. fxe3 Bg7 6. d4 Nf6 7. Bd3 O-O 8. Nc3
Nc6 9. b5 Na5 10. Qc2 Be6 11. Ne2 c6 12. bxc6 Nxc6 13. Rb1 Na5 14. Nf4 Bd7
15. O-O b6 16. h3 Qc7 17. Bd2 Nb7 18. e4 Kh8 19. e5 Ng8 20. Nd5 Qc6 21. Be4 Qc8
22. Bb4 Be6 23. Nxe7 Nxe7 24. Bxe7 Re8 25. Bb4 Bxc4 26. Bxb7 1-0

[Event "Pohar mesta Ricany 2010 - cena Klidneho mesta"]
[Site "http://www.openricany.cz"]
[Date "2010.08.25"]
[Round "6.44"]
[White "Hatas, Radim"]
[Black "Minasjan, Garegin"]
[Result "1-0"]
[WhiteElo "1742"]
[BlackElo "1841"]

1. e4 e5 2. Nc3 Nc6 3. Bc4 Bc5 4. Qg4 g6 5. Qg3 d6 6. Nge2 Nd4 7. Nxd4 Bxd4
8. d3 c6 9. Bg5 Qc7 10. O-O h6 11. Be3 Bxc3 12. bxc3 g5 13. d4 Nf6 14. Qf3 Qe7
15. dxe5 dxe5 16. Rad1 g4 17. Qe2 Nxe4 18. Qe1 Nf6 19. Bc1 Be6 20. Qe2 Nd7
21. Rfe1 O-O-O 22. Be3 Kb8 23. Rb1 Bxc4 24. Qxc4 h5 25. Qxc6 b6 26. Red1 Qe6
27. Rd6 Qxa2 28. Rbd1 Qxc2 29. Bg5 Rc8 30. Qxd7 Qxc3 31. Qxf7 Rc7 32. Rd7 Rhc8
33. Rxc7 Rxc7 34. Qxh5 Qc4 35. Qe8+ Kb7 36. Qxe5 a5 37. g3 Rc5 38. Qe7+ Rc7
39. Qd6 Rc6 40. Qd4 Qe2 41. Be3 Ka6 42. Rb1 1-0

[Event "Pohar mesta Ricany 2010 - cena Klidneho mesta"]
[Site "http://www.openricany.cz"]
[Date "2010.08.25"]
[Round "6.13"]
[White "Postupa, Pavel st."]
[Black "Misicko, Jan"]
[Result "0-1"]
[WhiteElo "2072"]
[BlackElo "2026"]

1. e4 c5 2. Nf3 e6 3. d3 d5 4. Nbd2 Nc6 5. g3 Bd6 6. Bg2 Nge7 7. O-O O-O 8. Re1
Ng6 9. h4 h6 10. Nf1 f5 11. h5 fxe4 12. dxe4 Nge7 13. N3h2 Bd7 14. c4 d4 15. e5
Bc7 16. Nf3 Be8 17. Nh4 Kh8 18. Ng6+ Nxg6 19. hxg6 Bxg6 20. Bxc6 bxc6 {Dale
necitelne} 0-1

[Event "Pohar mesta Ricany 2010 - cena Klidneho mesta"]
[Site "http://www.openricany.cz"]
[Date "2010.08.25"]
[Round "6.28"]
[White "Janicek, Jindrich"]
[Black "Skokan, Frantisek"]
[Result "1-0"]
[WhiteElo "2063"]
[BlackElo "1903"]

1. Nf3 Nf6 2. c4 e6 3. Nc3 b6 4. g3 Bb7 5. Bg2 Be7 6. O-O O-O 7. d4 c5 8. d5 d6
9. dxe6 fxe6 10. Bh3 e5 11. Ng5 Qe8 12. Be6+ Kh8 13. Nd5 Nxd5 14. Bxd5 Bxd5
15. Qxd5 Na6 16. a3 Nc7 17. Qb7 Qd8 18. Ne4 Qd7 19. Nc3 Rfb8 20. Qe4 b5 21. cxb5
Nxb5 22. Nd5 Nd4 23. b4 cxb4 24. axb4 Qc6 25. Bd2 Nxe2+ 26. Kg2 Rb5 27. Ra5 Rab8
28. f3 Bd8 29. Nc3 Qxe4 30. fxe4 Bxa5 31. Nxb5 Bb6 32. Nxd6 Kg8 33. Nf5 Nd4
34. Ne7+ Kh8 35. Nd5 Kg8 36. h4 g6 37. Bh6 Nc2 38. Ne7+ Kh8 39. Rf7 1-0

[Event "Pohar mesta Ricany 2010 - cena Klidneho mesta"]
[Site "http://www.openricany.cz"]
[Date "2010.08.25"]
[Round "6.4"]
[White "Balacek, Tadeas"]
[Black "Kuhout, Vratislav"]
[Result "1-0"]
[WhiteElo "2096"]
[BlackElo "2198"]

1. d4 d5 2. Nf3 c6 3. c4 Nf6 4. Nc3 dxc4 5. e4 b5 6. e5 Nd5 7. a4 e6 8. axb5
Nxc3 9. bxc3 cxb5 10. Ng5 Bb7 11. Qh5 g6 12. Qg4 Nd7 13. h4 h6 14. Nxe6 Qb6
15. Nf4 h5 16. Qh3 Be4 17. Be2 Be7 18. Be3 Qb7 19. O-O Nb6 20. e6 f6 21. Ra5 Nd5
22. Nxd5 Qxd5 23. Rfa1 Bf5 24. Bf3 Qxe6 25. Qg3 Be4 26. d5 Qxd5 27. Rxb5 Qxb5
28. Bxe4 O-O-O 29. Rxa7 Rd1+ 30. Kh2 Bd6 31. Bf4 Bxf4 32. Qxf4 Qe5 33. Qxe5 1-0

[Event "Pohar mesta Ricany 2010 - cena Klidneho mesta"]
[Site "http://www.openricany.cz"]
[Date "2010.08.25"]
[Round "6.43"]
[White "Hlina, Milos"]
[Black "Eisner, Oldrich"]
[Result "1/2-1/2"]
[WhiteElo "1892"]
[BlackElo "1824"]

1. d4 Nf6 2. Nf3 g6 3. b3 Bg7 4. Bb2 d6 5. e3 O-O 6. Bd3 Nc6 7. a3 e5 8. dxe5
Ng4 9. O-O Ngxe5 10. Nxe5 Nxe5 11. Nc3 Nxd3 12. cxd3 d5 13. Na4 d4 14. e4 Qd6
15. Bc1 b5 16. Nb2 c5 17. Bd2 Be6 18. Rc1 Rac8 19. f4 f5 20. e5 Qd5 21. a4 a6
22. b4 c4 23. dxc4 bxc4 24. Be1 Rfd8 25. Qf3 Qxf3 26. Rxf3 Bf8 27. h4 Bd5
28. Rg3 c3 29. Nd3 Be4 30. Bf2 Rb8 31. h5 Bxd3 32. Rxd3 Rxb4 33. Rcxc3 dxc3
34. Rxd8 Rc4 35. Be3 c2 36. Bc1 Kf7 37. Rd2 gxh5 38. g3 Ke7 39. Kf1 1/2-1/2

[Event "Pohar mesta Ricany 2010 - cena Klidneho mesta"]
[Site "http://www.openricany.cz"]
[Date "2010.08.25"]
[Round "6.8"]
[White "Vojta, Pavel"]
[Black "Macek, Kamill"]
[Result "1-0"]
[WhiteElo "2161"]
[BlackElo "1953"]

1. d4 Nf6 2. Nf3 e6 3. c4 b6 4. g3 Bb7 5. Bg2 Be7 6. O-O O-O 7. b3 c5 8. e3
cxd4 9. Nxd4 Bxg2 10. Kxg2 Nc6 11. Bb2 Nxd4 12. Bxd4 d5 13. Nd2 Bb4 14. Bxf6
Qxf6 15. cxd5 Rfd8 16. Ne4 Qe5 17. Qf3 Rxd5 18. Rac1 Rad8 19. Rc4 Be7 20. Nc3
Rd2 21. Qb7 R2d7 22. Qc6 h6 23. Nb5 Bc5 24. Nd4 a6 25. Nf3 Qd5 26. Qxd5 Rxd5
27. b4 Be7 28. Rb1 b5 29. Rc6 R5d6 30. Nd4 Bf6 31. Rxd6 Rxd6 32. Nb3 Bc3 33. a3
Kf8 34. Kf3 Ke7 35. Nc5 f5 36. Rb3 Bf6 37. Ke2 g5 38. Rd3 Rxd3 39. Kxd3 Bb2
40. Nxa6 Kd6 41. Nc5 Kd5 42. a4 Ba3 43. axb5 Bxb4 44. Na4 e5 45. Nb6+ Kc5
46. Nd7+ Kxb5 47. Nxe5 Bf8 48. Kd4 Bc5+ 49. Kd5 f4 50. exf4 gxf4 51. gxf4 Bxf2
52. f5 1-0

[Event "Pohar mesta Ricany 2010 - cena Klidneho mesta"]
[Site "http://www.openricany.cz"]
[Date "2010.08.25"]
[Round "6.38"]
[White "Agacinski, Tadeusz"]
[Black "Urban, Miroslav"]
[Result "1/2-1/2"]
[WhiteElo "2063"]
[BlackElo "1885"]

1. e4 e5 2. Nf3 Nc6 3. d4 exd4 4. Nxd4 Bc5 5. Nxc6 Qf6 6. Qf3 bxc6 7. Bd3 Qxf3
8. gxf3 Ne7 9. Bd2 d5 10. exd5 cxd5 11. Bb5+ c6 12. Be2 Bf5 13. c3 O-O 14. b4
Bd6 15. O-O Ng6 1/2-1/2

[Event "Pohar mesta Ricany 2010 - cena Klidneho mesta"]
[Site "http://www.openricany.cz"]
[Date "2010.08.25"]
[Round "6.46"]
[White "Losan, Rudolf"]
[Black "Sedivy, Ondrej"]
[Result "1/2-1/2"]
[WhiteElo "1780"]
[BlackElo "1717"]

1. d4 d5 2. c4 c6 3. cxd5 cxd5 4. Nf3 Nf6 5. Nc3 Nc6 6. e3 Bg4 7. h3 Bh5 8. Be2
e6 9. O-O Bd6 10. Nh2 Bxe2 11. Qxe2 O-O 12. Bd2 Rc8 13. a3 Na5 14. b4 Nc4
15. Nb5 Bb8 16. Rfc1 Ne4 17. Be1 a6 1/2-1/2

[Event "Pohar mesta Ricany 2010 - cena Klidneho mesta"]
[Site "http://www.openricany.cz"]
[Date "2010.08.25"]
[Round "6.34"]
[White "Ruzicka, Vaclav"]
[Black "Havelka, Petr"]
[Result "1/2-1/2"]
[WhiteElo "1682"]
[BlackElo "1923"]

1. Nf3 d5 2. c4 e6 3. g3 Nf6 4. Bg2 c5 5. O-O Be7 6. d3 O-O 7. b3 Nc6 8. Bb2
Qc7 9. Nbd2 b6 10. a3 Bb7 11. Qc2 d4 12. e3 e5 13. exd4 exd4 14. Rfe1 Bd6 15. b4
cxb4 16. Nxd4 bxa3 17. Nb5 Qd7 18. Bxf6 gxf6 19. Nxd6 Qxd6 20. Qc3 1/2-1/2

[Event "Pohar mesta Ricany 2010 - cena Klidneho mesta"]
[Site "http://www.openricany.cz"]
[Date "2010.08.25"]
[Round "6.30"]
[White "Cervenka, Petr"]
[Black "Adamik, Frantisek"]
[Result "1-0"]
[WhiteElo "1990"]
[BlackElo "1898"]

1. e4 c5 2. Nc3 e5 3. Bc4 Nc6 4. Nf3 d6 5. O-O Na5 6. Bb5+ Bd7 7. Qe2 a6
8. Bxd7+ Qxd7 9. d3 Nc6 10. Nd5 Qd8 11. c3 f6 12. Nh4 g6 13. f4 Bg7 14. Qg4 Qc8
15. Nf5 Bf8 16. Nb6 Qd8 17. Nxa8 gxf5 18. Qh5+ Ke7 19. fxe5 Nxe5 20. d4 Nd3
21. exf5 Nxc1 22. Re1+ Kd7 23. Qf7+ Kc6 24. Re8 Ne2+ 25. Kf2 Qd7 26. d5+ 1-0

[Event "Pohar mesta Ricany 2010 - cena Klidneho mesta"]
[Site "http://www.openricany.cz"]
[Date "2010.08.25"]
[Round "6.7"]
[White "Vavrinec, Tomas"]
[Black "Mejzlik, Ondrej"]
[Result "0-1"]
[WhiteElo "2030"]
[BlackElo "2225"]

1. d4 d5 2. Nc3 Nf6 3. Bg5 Bf5 4. e3 e6 5. Bd3 Bxd3 6. Qxd3 c6 7. Nf3 Nbd7
8. e4 Be7 9. exd5 cxd5 10. O-O O-O 11. Rfe1 a6 12. a4 b6 13. Ne5 Nxe5 14. Rxe5
Nd7 15. Nxd5 Bxg5 0-1

[Event "Pohar mesta Ricany 2010 - cena Klidneho mesta"]
[Site "http://www.openricany.cz"]
[Date "2010.08.25"]
[Round "6.39"]
[White "Pech, Hynek"]
[Black "Cerny, Michal"]
[Result "1/2-1/2"]
[WhiteElo "1800"]
[BlackElo "1947"]

1. e4 e5 2. Nf3 Nc6 3. Bb5 Nf6 4. O-O a6 5. Bxc6 dxc6 6. Nxe5 Qe7 7. d4 Be6
8. Nd2 O-O-O 9. c3 c5 10. Nef3 Bg4 11. e5 Nd5 12. Qc2 h5 13. a3 1/2-1/2

[Event "Pohar mesta Ricany 2010 - cena Klidneho mesta"]
[Site "http://www.openricany.cz"]
[Date "2010.08.25"]
[Round "6.11"]
[White "Petras, Milan"]
[Black "Pechacek, Stanislav"]
[Result "1/2-1/2"]
[WhiteElo "2018"]
[BlackElo "2131"]

1. e4 c6 2. d4 d5 3. exd5 cxd5 4. c4 Nf6 5. Nc3 Nc6 6. Nf3 e6 7. Bg5 Be7 8. Rc1
O-O 9. a3 b6 10. Bd3 dxc4 11. Bxc4 Bb7 12. O-O Na5 13. Ba2 Rc8 14. Ne5 h6
15. Be3 Nd5 16. Qd3 Nxc3 17. Rxc3 Rxc3 18. Qxc3 1/2-1/2

[Event "Pohar mesta Ricany 2010 - cena Klidneho mesta"]
[Site "http://www.openricany.cz"]
[Date "2010.08.25"]
[Round "6.5"]
[White "Rehorek, Martin"]
[Black "Sedy, Pavel"]
[Result "1-0"]
[WhiteElo "2280"]
[BlackElo "2156"]

1. Nf3 d5 2. c4 dxc4 3. Na3 Nf6 4. Nxc4 e6 5. g3 Be7 6. Bg2 O-O 7. O-O c5
8. Nfe5 Nbd7 9. Nxd7 Qxd7 10. b3 Nd5 11. Bb2 Bf6 12. Ne5 Qd6 13. f4 Rb8 14. e4
Nb4 15. d4 cxd4 16. Nc4 Qc5 17. e5 d3+ 18. Kh1 Be7 19. Qd2 Rd8 20. Rac1 Nc2
21. Rf3 b5 22. Nd6 Qb4 23. Rxc2 Bxd6 24. Rxd3 1-0

[Event "Pohar mesta Ricany 2010 - cena Klidneho mesta"]
[Site "http://www.openricany.cz"]
[Date "2010.08.25"]
[Round "6.35"]
[White "Lexa, Vaclav"]
[Black "Soltys, Roman"]
[Result "1-0"]
[WhiteElo "1909"]
[BlackElo "1659"]

1. d4 f5 2. c4 Nf6 3. Nc3 e6 4. Nf3 Be7 5. Qc2 O-O 6. g3 d6 7. Bg2 Nc6 8. e4
Nb4 9. Qe2 d5 10. exd5 exd5 11. O-O c6 12. Bf4 Re8 13. Ne5 Bf8 14. a3 Na6
15. cxd5 Nxd5 16. Nxd5 cxd5 17. Rac1 Be6 18. Rc3 Rc8 19. Rfc1 Rxc3 20. Rxc3 Bd6
21. Qb5 Bxe5 22. Bxe5 Re7 23. b4 Nb8 24. Bxb8 a6 25. Qc5 b6 26. Qd6 1-0

[Event "Pohar mesta Ricany 2010 - cena Klidneho mesta"]
[Site "http://www.openricany.cz"]
[Date "2010.08.25"]
[Round "6.26"]
[White "Fiala, Jan"]
[Black "Paukert, Jan"]
[Result "0-1"]
[WhiteElo "1984"]
[BlackElo "1928"]

1. d4 Nf6 2. c4 g6 3. Nc3 d5 4. cxd5 Nxd5 5. Bd2 Bg7 6. e4 Nxc3 7. Bxc3 O-O
8. h3 c5 9. Nf3 Nc6 10. d5 Nd4 11. Nxd4 cxd4 12. Bxd4 Qa5+ 13. Ke2 Bd7 14. Bxg7
Kxg7 15. Qd4+ f6 16. f4 Rac8 17. Ke3 Rc2 18. Bc4 Rc8 19. Bb3 Rxg2 20. Rag1 Rxg1
21. Rxg1 Bxh3 22. Qd1 Qc5+ 23. Kf3 h5 24. Kg3 Qe3+ 25. Kh2 Bg4 26. Qf1 Rc1
27. Rg3 Qxg3+ 28. Kxg3 Rxf1 0-1

[Event "Pohar mesta Ricany 2010 - cena Klidneho mesta"]
[Site "http://www.openricany.cz"]
[Date "2010.08.25"]
[Round "6.32"]
[White "Kaiser, Rudolf"]
[Black "Krejci, Martin"]
[Result "1-0"]
[WhiteElo "1941"]
[BlackElo "1804"]

1. e4 e5 2. Nf3 Nc6 3. d4 exd4 4. c3 d3 5. Bxd3 Bc5 6. b4 Bb6 7. a4 a5 8. b5
Nb8 9. Bg5 Ne7 10. O-O O-O 11. Nbd2 d6 12. Nd4 f6 13. Be3 Kh8 14. f4 c5 15. Nc2
f5 16. Nc4 Bc7 17. Nd2 b6 18. Nf3 fxe4 19. Bxe4 d5 20. Bd3 Bf5 21. Ng5 h6
22. Bxf5 Nxf5 23. Ne6 Nxe3 24. Nxe3 Qe7 25. Qxd5 1-0

[Event "Pohar mesta Ricany 2010 - cena Klidneho mesta"]
[Site "http://www.openricany.cz"]
[Date "2010.08.25"]
[Round "6.42"]
[White "Havlicek, Pavel"]
[Black "Hadrava, Jaroslav"]
[Result "0-1"]
[WhiteElo "1810"]
[BlackElo "1908"]

1. e4 d5 2. exd5 Qxd5 3. Nc3 Qd6 4. d4 Nf6 5. Nf3 g6 6. Nb5 Qb6 7. Bc4 Bg7
8. O-O c6 9. Nc3 O-O 10. Re1 e6 11. Bb3 a5 12. Ne5 Qd8 13. Be3 Nd5 14. Ne4 Nxe3
15. Rxe3 a4 16. Bc4 b5 17. Be2 f6 18. Nf3 Bd7 19. Nc5 Re8 20. c3 Na6 21. Nd3 Qc7
22. Bf1 Rad8 23. a3 c5 24. Qc2 cxd4 25. Nxd4 e5 26. Ne2 Bh6 27. Rg3 Bf5 28. Rd1
Nc5 29. Nec1 Bf4 30. Qe2 Bxg3 31. hxg3 Nxd3 32. Nxd3 Qc4 33. f3 Bxd3 34. Rxd3
Qxd3 35. Qxd3 Rxd3 36. Bxd3 Rb8 37. Kf2 Kf7 38. Ke3 Ke6 39. g4 Kd5 40. Kd2 Kc5
41. Ke3 Rd8 42. Ke2 h5 43. Bxg6 hxg4 44. fxg4 Rh8 45. Bf5 Rh1 46. Bg6 Ra1
47. Kd2 Rf1 48. Be4 Rf4 0-1